Carregant...
Citizenship :
| Autor principal: | |
|---|---|
| Format: | Printed Book |
| Publicat: |
Delhi :
World View,
1997.
|
| Matèries: |
| LEADER | 00516cam a22001698a 4500 | ||
|---|---|---|---|
| 020 | |a 8186423060 | ||
| 082 | 0 | |a 323.6 |b BAR/C | |
| 100 | 1 | |a Barbalet, J. M., | |
| 245 | 1 | 0 | |a Citizenship : |
| 260 | |a Delhi : |b World View, |c 1997. | ||
| 300 | |a 119 p. ; | ||
| 500 | |a Includes index. | ||
| 650 | 0 | |a Citizenship. | |
| 650 | 0 | |a Social classes. | |
| 942 | |c BK | ||
| 999 | |c 99475 |d 99475 | ||
| 952 | |0 0 |1 0 |4 0 |6 323_600000000000000_BAR_C |7 0 |9 92715 |a SSS |b SSS |c GEN |d 2012-02-16 |g 70.00 |l 1 |o 323.6 BAR/C |p SSS03455 |r 2014-03-05 |s 2014-02-19 |w 2012-02-16 |y BK | ||